Dexter Victims - Sudden Death - Statistics

General Stats
  • This quiz has been taken 790 times
  • The average score is 10 of 23
Answers on the Grid
Answers color-coded by a green-red scale on the quiz's grid according to % correct below.
James Doakes
Stan Liddy
Brian Moser
Little Chino
Camilla Figg
Santos Jimenez
Zach Hamilton
Miguel Prado
Kurt Caldwell
Arthur Mitchell
Dan Mendell
George King
Hector Estrada
Frank Lundy
Oscar Prado
Aaron Spencer
Leon Prater
Travis Marshall
Clint McKay
Jordan Chase
Boyd Fowler
Oliver Saxon
Ronald Schmidt
Andrew Briggs
James Gellar
Ray Speltzer
Mike Donovan
Lowell Sloane
 
Answer Stats
Answer % Correct
Brian Moser
89%
Miguel Prado
80%
Little Chino
77%
Arthur Mitchell
69%
Stan Liddy
66%
Oscar Prado
56%
Travis Marshall
53%
Hector Estrada
51%
Kurt Caldwell
49%
George King
43%
Santos Jimenez
42%
Camilla Figg
39%
Leon Prater
37%
Oliver Saxon
35%
Boyd Fowler
31%
Clint McKay
27%
Ray Speltzer
26%
Aaron Spencer
25%
Ronald Schmidt
24%
Dan Mendell
20%
Mike Donovan
19%
Lowell Sloane
17%
Andrew Briggs
16%
No matching quizzes found
Score Distribution
Percent of People with Each Score
Percentile by Number Answered
Your Score History
You have not taken this quiz